000 00590nam a22001817a 4500
008 130821s1952 ck gr spa
040 _aCo-BoUCM
_bspa
041 0 0 _aspa
100 _aGomez Restrepo, Antonio,
_91778
245 0 0 _aOraciones académicas
_cAntonio Gómez Restrepo
260 _aBogotá (Colombia)
_bEdiciones ABC
_c1952
300 _a360 páginas
650 0 4 _aLiteratura colombiana
_918629
650 0 4 _aLiteratura colombiana
_ySiglo XX
_918629
650 0 4 _aSiglo XX
_924392
942 _cLIBRO
_a18
_e1
_mG65
_n0
_2DEWEY
_h860.44
999 _c87674
_d87674